MLB 2022 Starting Lineups - Statistics

General Stats
  • This quiz has been taken 998 times
  • The average score is 119 of 299
Answer Stats
Team Position Number Player % Correct
Diamondbacks 2B 4 Ketel Marte
78%
Yankees RF 99 Aaron Judge
77%
Angels CF 27 Mike Trout
76%
Mets RF 6 Starling Marte
76%
Phillies RF 3 Bryce Harper
73%
Angels DH/P 17 Shohei Ohtani
73%
Dodgers C 16 Will Smith
71%
Dodgers 1B 5 Freddie Freeman
70%
Astros 2B 27 José Altuve
70%
Athletics 3B 1 Kevin Smith
70%
Dodgers RF 50 Mookie Betts
70%
Diamondbacks RF 26 Pavin Smith
70%
Brewers RF 22 Christian Yelich
69%
Yankees DH 27 Giancarlo Stanton
69%
Nationals 1B 19 Josh Bell
69%
Dodgers DH 10 Justin Turner
69%
Braves 1B 28 Matt Olson
69%
Braves 2B 1 Ozzie Albies
69%
Dodgers SS 6 Trea Turner
69%
Yankees 1B 48 Anthony Rizzo
68%
Blue Jays 1B 27 Vladimir Guerrero Jr.
67%
Mets SS 12 Francisco Lindor
66%
Mets 1B 20 Pete Alonso
66%
Twins SS 4 Carlos Correa
65%
Yankees P 45 Gerrit Cole
65%
Braves SS 7 Dansby Swanson
64%
Red Sox CF 5 Enrique Hernández
64%
Padres 3B 13 Manny Machado
64%
Astros 3B 2 Alex Bregman
63%
Braves 3B 27 Austin Riley
63%
Nationals 2B 1 César Hernández
63%
Dodgers CF 35 Cody Bellinger
63%
Nationals RF 22 Juan Soto
63%
Blue Jays RF 37 Teoscar Hernández
63%
Astros LF 44 Yordan Álvarez
63%
Red Sox 3B 11 Rafael Devers
62%
Twins CF 25 Byron Buxton
61%
Red Sox DH 28 J.D. Martinez
61%
Reds 1B 19 Joey Votto
61%
Guardians 3B 11 José Ramirez
61%
Cardinals 3B 28 Nolan Arenado
61%
Blue Jays SS 11 Bo Bichette
60%
Orioles CF 31 Cedric Mullins
60%
Rays 1B 43 Harold Ramírez
60%
Cardinals 1B 46 Paul Goldschmidt
60%
Astros 1B 10 Yuli Gurriel
60%
White Sox 1B 79 José Abreu
59%
Phillies C 10 J.T. Realmuto
59%
Blue Jays LF 13 Lourdes Gurriel Jr.
59%
Cubs C 40 Willson Contreras
59%
Red Sox SS 2 Xander Bogaerts
59%
Angels 3B 6 Anthony Rendon
58%
Rangers SS 5 Corey Seager
58%
Tigers DH 24 Miguel Cabrera
58%
Pirates C 55 Roberto Pérez
58%
Royals C 13 Salvador Pérez
58%
Cardinals C 4 Yadier Molina
58%
Blue Jays CF 4 George Springer
57%
Mariners CF 44 Julio Rodríguez
57%
Phillies LF 12 Kyle Schwarber
57%
Braves P 54 Max Fried
57%
Phillies P 27 Aaron Nola
56%
Padres C 26 Austin Nola
56%
Tigers P 57 Eduardo Rodríguez
56%
Yankees 3B 28 Josh Donaldson
56%
White Sox CF 88 Luis Robert
56%
Cardinals DH 5 Albert Pujols
55%
Giants SS 35 Brandon Crawford
55%
Pirates RF 3 Cole Tucker
55%
Tigers SS 28 Javier Báez
55%
Astros RF 30 Kyle Tucker
55%
Rockies 1B 25 C.J. Cron
54%
Mariners SS 3 J.P. Crawford
54%
Dodgers LF 3 Chris Taylor
53%
Brewers P 53 Corbin Burnes
53%
Dodgers 3B 13 Max Muncy
53%
Royals CF 2 Michael A. Taylor
53%
Rockies LF 23 Kris Bryant
52%
Braves C 16 Travis d'Arnaud
52%
Cardinals P 50 Adam Wainwright
51%
Rockies RF 19 Charlie Blackmon
51%
Twins DH 24 Gary Sánchez
51%
Marlins CF 7 Jesús Sánchez
51%
Diamondbacks P 40 Madison Bumgarner
51%
Nationals 3B 7 Maikel Franco
51%
Braves LF 20 Marcell Ozuna
51%
Nationals DH 23 Nelson Cruz
51%
Phillies 1B 17 Rhys Hoskins
51%
Red Sox 2B 10 Trevor Story
51%
Rays SS 5 Wander Franco
51%
Rangers 2B 2 Marcus Semien
50%
Blue Jays 3B 26 Matt Chapman
50%
Brewers SS 27 Willy Adames
50%
Rangers CF 53 Adolis García
49%
Red Sox LF 99 Alex Verdugo
49%
Marlins RF 24 Avisaíl García
49%
Yankees 2B 26 DJ LeMahieu
49%
White Sox SS 28 Leury García
49%
Phillies DH 8 Nick Castellanos
49%
Orioles 1B 6 Ryan Mountcastle
49%
Dodgers P 26 Walker Buehler
49%
Diamondbacks 1B 53 Christian Walker
48%
Dodgers 2B 9 Gavin Lux
48%
Astros SS 3 Jeremy Peña
48%
Yankees CF 31 Aaron Hicks
47%
Guardians LF 1 Amed Rosario
47%
Royals 3B 7 Bobby Witt Jr.
47%
Braves RF 8 Eddie Rosario
47%
Mets LF 1 Jeff McNeil
47%
Orioles DH 16 Trey Mancini
47%
Padres P 11 Yu Darvish
47%
Giants 1B 9 Brandon Belt
46%
Yankees LF 13 Joey Gallo
46%
Guardians P 57 Shane Bieber
46%
White Sox C 24 Yasmani Grandal
46%
Cardinals CF 48 Harrison Bader
45%
Brewers 2B 16 Kolten Wong
45%
Brewers 1B 11 Rowdy Tellez
45%
Pirates CF 10 Bryan Reynolds
44%
Padres 1B 30 Eric Hosmer
44%
Nationals SS 3 Alcides Escobar
43%
Mets 3B 10 Eduardo Escobar
43%
Padres 2B 9 Jake Cronenworth
43%
Phillies SS 2 Jean Segura
43%
Reds 2B 6 Jonathan India
43%
Marlins LF 12 Jorge Soler
43%
Cubs RF 27 Seiya Suzuki
43%
Blue Jays 2B 8 Cavan Biggio
41%
White Sox LF 74 Eloy Jiménez
41%
Rays LF 56 Randy Arozarena
41%
Orioles LF 25 Anthony Santander
40%
Rays 2B 8 Brandon Lowe
40%
Mariners 3B 28 Eugenio Suárez
40%
Cubs LF 8 Ian Happ
40%
Rays DH 15 Josh Lowe
40%
Astros C 15 Martin Maldonado
40%
Astros DH 23 Michael Brantley
40%
Rangers 1B 30 Nathaniel Lowe
40%
Marlins P 22 Sandy Alcántara
40%
Braves CF 14 Adam Duvall
39%
Blue Jays DH 30 Alejandro Kirk
39%
Guardians 1B 44 Bobby Bradley
39%
Astros P 59 Framber Valdez
39%
Padres SS 7 Ha-Seong Kim
39%
Red Sox RF 19 Jackie Bradley Jr.
39%
Angels 1B 20 Jared Walsh
39%
Pirates 3B 13 Ke'Bryan Hayes
39%
White Sox P 27 Lucas Giolito
39%
Red Sox P 17 Nathan Eovaldi
39%
Orioles 2B 29 Ramón Urías
39%
Mariners P 38 Robbie Ray
39%
Athletics C 12 Sean Murphy
39%
Rockies C 35 Elías Díaz
38%
Mets DH 28 J.D. Davis
38%
Brewers CF 6 Lorenzo Cain
38%
Padres DH 45 Luke Voit
38%
Cardinals 2B 19 Tommy Edman
38%
Royals RF 15 Whit Merrifield
38%
Rays 3B 2 Yandy Díaz
38%
Royals P 23 Zack Greinke
38%
Royals 1B 41 Carlos Santana
37%
Red Sox C 7 Christian Vázquez
37%
Yankees SS 12 Isiah Kiner-Falefa
37%
Mets C 33 James McCann
37%
Marlins 2B 2 Jazz Chisholm Jr.
37%
Orioles P 47 John Means
37%
Cubs P 28 Kyle Hendricks
37%
Twins 2B 11 Jorge Polanco
36%
Twins 1B 22 Miguel Sanó
36%
Nationals P 46 Patrick Corbin
36%
Cubs 3B 16 Patrick Wisdom
36%
Royals LF 16 Andrew Benintendi
35%
Cubs CF 22 Jason Heyward
35%
Mariners LF 27 Jesse Winker
35%
Marlins 1B 99 Jesús Aguilar
35%
Blue Jays P 17 José Berríos
35%
Twins RF 26 Max Kepler
35%
Cardinals SS 11 Paul DeJong
35%
Cardinals LF 27 Tyler O'Neill
35%
Brewers DH 24 Andrew McCutchen
34%
Diamondbacks CF 12 Daulton Varsho
34%
Diamondbacks LF 6 David Peralta
34%
Rangers P 22 Jon Gray
34%
Yankees C 66 Kyle Higashioka
34%
Mariners RF 17 Mitch Haniger
34%
Padres CF 2 Trent Grisham
34%
Red Sox 1B 29 Bobby Dalbec
33%
Diamondbacks C 18 Carson Kelly
33%
Pirates DH 19 Daniel Vogelbach
33%
Giants P 62 Logan Webb
33%
Mariners 1B 23 Ty France
33%
Mariners 2B 26 Adam Frazier
32%
Angels RF 16 Brandon Marsh
32%
Blue Jays C 9 Danny Jansen
32%
Cardinals RF 3 Dylan Carlson
32%
Padres LF 10 Jurickson Profar
32%
Marlins SS 11 Miguel Rojas
32%
Cubs SS 2 Nico Hoerner
32%
Orioles RF 21 Austin Hays
31%
Royals 2B 8 Nicky Lopez
31%
Mets 2B 24 Robinson Canó
31%
Athletics 2B 5 Tony Kemp
31%
Guardians SS 0 Andrés Giménez
30%
Astros CF 20 Chas McCormick
30%
Angels SS 22 David Fletcher
30%
Twins 3B 15 Gio Urshela
30%
Giants LF 23 Joc Pederson
30%
Rays CF 39 Kevin Kiermaier
30%
Padres RF 5 Wil Myers
30%
Rockies 2B 7 Brendan Rodgers
29%
Cubs 1B 18 Frank Schwindel
29%
Guardians DH 32 Franmil Reyes
29%
Brewers LF 12 Hunter Renfroe
29%
Guardians CF 7 Myles Straw
29%
Tigers 1B 20 Spencer Torkelson
29%
Tigers CF 60 Akil Baddoo
28%
Rays C 10 Mike Zunino
28%
Rockies 3B 24 Ryan McMahon
28%
Guardians RF 67 Steven Kwan
28%
Phillies 3B 5 Bryson Stott
27%
Phillies 2B 18 Didi Gregorius
27%
Mets CF 19 Mark Canha
27%
Reds C 37 Tyler Stephenson
27%
White Sox RF 18 A.J. Pollock
26%
Athletics P 47 Frankie Montas
26%
Angels LF 7 Jo Adell
26%
Giants C 21 Joey Bart
26%
Nationals C 20 Keibert Ruiz
26%
Angels C 33 Max Stassi
26%
Rangers C 18 Mitch Garver
26%
Cubs 2B 1 Nick Madrigal
26%
Royals SS 27 Adalberto Mondesi
25%
Reds RF 44 Aristides Aquino
25%
Nationals LF 28 Lane Thomas
25%
Giants RF 5 Mike Yastrzemski
25%
Brewers C 10 Omar Narvaez
25%
Tigers LF 17 Austin Meadows
24%
Athletics SS 17 Elvis Andrus
24%
Marlins C 58 Jacob Stallings
24%
Tigers 3B 46 Jeimer Candelario
24%
Tigers 2B 7 Jonathan Schoop
24%
Orioles SS 26 Jorge Mateo
24%
White Sox 2B 5 Josh Harrison
24%
Athletics 1B 15 Seth Brown
24%
Rays P 18 Shane McClanahan
24%
Reds LF 28 Tommy Pham
24%
Nationals CF 16 Víctor Robles
24%
Rockies P 21 Kyle Freeland
23%
Rockies SS 11 José Iglesias
22%
Rangers RF 56 Kole Calhoun
22%
Tigers RF 8 Robbie Grossman
22%
Diamondbacks DH 28 Seth Beer
22%
Rangers DH 4 Willie Calhoun
22%
Giants 3B 41 Wilmer Flores
22%
White Sox DH 25 Andrew Vaughn
21%
Mariners C 29 Cal Raleigh
21%
Athletics CF 20 Cristian Pache
21%
Reds DH 9 Mike Moustakas
21%
Mets P 38 Tylor Megill
21%
Rockies DH 9 Connor Joe
20%
Giants DH 33 Darin Ruf
20%
Marlins DH 26 Garrett Cooper
20%
Twins P 41 Joe Ryan
20%
Guardians C 17 Austin Hedges
19%
Reds 3B 22 Brandon Drury
19%
Royals DH 17 Hunter Dozier
19%
Reds SS 17 Kyle Farmer
19%
Rays RF 13 Manuel Margot
19%
Rockies CF 15 Randal Grichuk
19%
Rangers LF 13 Brad Miller
18%
Reds P 30 Tyler Mahle
18%
Brewers 3B 14 Jace Peterson
17%
Mariners DH 10 Jarred Kelenic
17%
Reds CF 15 Nick Senzel
17%
Tigers C 15 Tucker Barnhart
17%
White Sox 3B 30 Jake Burger
16%
Marlins 3B 18 Joey Wendle
16%
Pirates SS 27 Kevin Newman
16%
Cubs DH 66 Rafael Ortega
16%
Twins C 27 Ryan Jeffers
16%
Orioles C 23 Robinson Chirinos
15%
Giants 2B 39 Thairo Estrada
15%
Phillies CF 19 Matt Vierling
14%
Braves DH 25 Alex Dickerson
13%
Diamondbacks SS 2 Geraldo Perdomo
13%
Angels 2B 5 Matt Duffy
13%
Athletics RF 25 Stephen Piscotty
12%
Pirates 1B 25 Yoshitomo Tsutsugo
12%
Twins LF 19 Alex Kirilloff
11%
Pirates LF 18 Ben Gamel
11%
Pirates 2B 44 Hoy Park
11%
Pirates P 34 JT Brubaker
10%
Athletics LF 10 Chad Pinder
9%
Orioles 3B 82 Kelvin Gutiérrez
8%
Guardians 2B 2 Yu Chang
8%
Giants CF 6 Steven Duggar
7%
Rangers 3B 77 Andy Ibáñez
6%
Athletics DH 28 Billy McKinney
4%
Diamondbacks 3B 15 Drew Ellis
4%
No matching quizzes found
Score Distribution
Percent of People with Each Score
Percentile by Number Answered
Your Score History
You have not taken this quiz